000 00700nam a2200181 i 4500
001 181360
003 ES-MaACL
005 20230906221336.0
008 121214s1884 ag |||| | spa d
245 0 0 _aDocumentos relativos al envio de pasaportes al delegado apostólico y enviado extraordinario monseñor Luis Matera.
260 _aBuenos Aires :
_b[s.n.],
_c1884 (
_fImpr. de Juan A. Alsina)
300 _a46 p. ;
_c23 cm.
500 _aPublicación oficial.
594 _aPrecede al tít.: República Argentina. Ministerio de Relaciones Exteriores.
600 1 4 _aMatera, Luis.
_9151979
710 1 _aArgentina.
_bMinisterio de Relaciones Exteriores.
_9151978
852 _aES-MaACL
_jT-454-F-12
999 _c181360
_d181360